LEADER 01006nam a2200265 i 4500 001 000000171214 003 CaOOAMICUS 005 20080429000000.0 008 080429s1965 it u000 u ita u 013 $a148644 040 $aSeMil$bita 100 1 $aBarra, Giovanni,$d<1914-1975>.$0(OLS)http://semarc/name/2757 245 10$aSotto il muschio /$cdi Giovanni Barra. 260 $aTorino :$bBorla,$c1965. 300 $aX, 189 p., [1] c. di tav. ;$c21 cm. 490 0 $aTestimonianze ;$v94 500 $aFondo Card. Giovanni Colombo. 600 14$aBeltrami, Carolina .$0(OLS)http://semarc/subject/32599 830 0$aTestimonianze ;$v94.$0(OLS)http://semarc/title/6368 850 $aSeMil 852 $aSeMil$W1$xVenegono$y1$m3G III 238$j122086$B122086$CSeMilBibl$Z2$F134984 $81 941 1 $a3 961 $aLascito: Colombo Card. Giovanni 996 $6245$aSotto il muschio$9(OLS)http://semarc/title/244929 996 $6260$aTorino :$bBorla$9(OLS)http://semarc/publisher/29913 LEADER 01060nam a2200253 i 4500 001 000000330600 003 CaOOAMICUS 005 20190722111450.0 008 181005s2018 be u000 u fre u 013 $a238024 040 $aSeMil$bita 041 1 $afre 245 10$aTome 2. 264 1$aLeuven [etc.] :$bPeeters,$c2018. 300 $aP. 636-1255 ;$c25 cm. 490 0 $aBibliotheca Ephemeridum Theologicarum Lovaniensium ;$v300/b 700 1 $aBrito, Emilio,$d<1942- >.$0(OLS)http://semarc/name/4758 773 0 $aBrito, Emilio <1942- >$tDe Dieu.$dLeuven [etc.] : Peeters, 2018.$kBibliotheca Ephemeridum Theologicarum Lovaniensium$z978-90-429-3647-8$w()330599 830 0$aBibliotheca Ephemeridum Theologicarum Lovaniensium ;$v300/b.$0(OLS)http://semarc/title/108 850 $aSeMil 852 $aSeMil$W1$xVenegono$y1$m2IA A 300/B$j231415$B223429$CSeMilBibl$Z2$F223429 $81 996 $6245$aTome 2$9(OLS)http://semarc/title/1533 996 $6264$aLeuven [etc.] :$bPeeters$9(OLS)http://semarc/publisher/32081